| 000 | 01571nam0a2200349 4500 | ||
|---|---|---|---|
| 001 | RU\NLR\BIBL_A\022523699 | ||
| 005 | 20250506142936.0 | ||
| 010 |
_a978-5-17-135996-6 _93000 |
||
| 021 |
_aRU _bКН-П-25-010716 _9КН-П-25-1085 |
||
| 035 | _a(NLR Aleph) 022523699 | ||
| 090 |
_a13400017 _c13400017 |
||
| 100 | _a20250416d2025 u y0rusy50 ca | ||
| 101 | 1 |
_arus _cspa |
|
| 102 | _aRU | ||
| 105 | _ay z 000ay | ||
| 181 | 0 |
_ai _baxxe |
|
| 182 | 0 | _an | |
| 200 | 1 |
_aГород и псы _e[роман] _fМарио Варгас Льоса _gперевод с испанского Д. Синицыной |
|
| 203 |
_aТекст _bвизуальный _cнепосредственный |
||
| 210 |
_aМосква _cАСТ _d2025 |
||
| 215 |
_a445, [2] с. _d18 |
||
| 225 | 1 | _aСерия "Эксклюзивная классика" | |
| 225 | 1 | _aКниги, изменившие мир. Писатели, объединившие поколения | |
| 300 | _aНа 4-й с. обл. авт.: Марио Варгас Льоса – лауреат Нобелев. премии по литературе 2010 г. и других авторитет. премий | ||
| 300 | _aКн. содержит нецензур. брань | ||
| 333 | _a18+ | ||
| 686 | 1 | _aШ6(7Пе)07-440.4{Лх1890} | |
| 700 | 1 |
_7ca _8rus _aВаргас Льоса _bМ. _f1936-2025 _gМарио _9118994 _3RU\NLR\AUTH\779127 |
|
| 942 | _cBOOK | ||
| 980 | _aNB | ||